000 00893nam a2200253Ia 4500
003 OSt
005 20220923215820.0
006 a|||||r|||| 00| 0
007 ta
008 220922b |||||||| |||| 00| 0 hin d
024 _a182,006
037 _cTextual
040 _aARTS
_cARTS
_bhin
041 _2hin
_ahin
082 _aO152,1N4017x, M9
100 _aमंजुल, रसिक बिहारी; मंजुल, बीना
_9163926
245 0 _aसतवंती का स्वर्ग
246 _aSatavantī kā svarga
260 _aदिल्ली
_b पेनमैन पब्लि
_c1989
300 _a102पृ.
_ccm.
650 _aहिन्दी साहित्य
_9156264
942 _hO152,1N4017x, M9
_cTEXL
_2CC
999 _c335383
_d335383